Prétendants au trône de France. - Statistiques

Statistiques générales
  • Ce quiz a été pris 611 fois
  • Le résultat moyen est 15 sur 19
Statistiques - réponses
Période % Correct
1836-1844 Louis XIX
99%
1793-1795 Louis XVII
99%
1795-1814 Louis XVIII
99%
1989-... Louis XX
99%
1830-1836 Charles X
90%
1887-1909 Charles XI
90%
1931-1936 Charles XII
90%
1848-1894 Philippe VII
86%
1894-1926 Philippe VIII
86%
1844-1883 Henri V
83%
1941-1975 Henri VI
83%
1940-1999 Henri VI
83%
1999-2019 Henri VII
83%
1883-1887 Jean III
79%
1926-1940 Jean III
79%
2019-... Jean IV
79%
1936-1941 Alphonse Ier
33%
1975-1989 Alphonse II
33%
1909-1931 Jacques Ier
29%
Aucun quiz correspondant
Distribution des résultats
% des personnes avec chaque résultat
Percentile par nombre de réponses
Votre historique - résultats
Vous n’avez pas pris ce quiz